<?xml version="1.0" encoding="UTF-8"?><?xml-stylesheet type="text/xsl" href="static/style.xsl"?><OAI-PMH xmlns="http://www.openarchives.org/OAI/2.0/" xmlns:xsi="http://www.w3.org/2001/XMLSchema-instance" xsi:schemaLocation="http://www.openarchives.org/OAI/2.0/ http://www.openarchives.org/OAI/2.0/OAI-PMH.xsd"><responseDate>2026-04-13T06:55:35Z</responseDate><request verb="GetRecord" identifier="oai:www.recercat.cat:2117/446503" metadataPrefix="marc">https://recercat.cat/oai/request</request><GetRecord><record><header><identifier>oai:recercat.cat:2117/446503</identifier><datestamp>2025-11-21T00:52:42Z</datestamp><setSpec>com_2072_1033</setSpec><setSpec>col_2072_452951</setSpec></header><metadata><record xmlns="http://www.loc.gov/MARC21/slim" xmlns:dcterms="http://purl.org/dc/terms/" xmlns:xsi="http://www.w3.org/2001/XMLSchema-instance" xmlns:doc="http://www.lyncode.com/xoai" xsi:schemaLocation="http://www.loc.gov/MARC21/slim http://www.loc.gov/standards/marcxml/schema/MARC21slim.xsd">
   <leader>00925njm 22002777a 4500</leader>
   <datafield ind2=" " ind1=" " tag="042">
      <subfield code="a">dc</subfield>
   </datafield>
   <datafield ind2=" " ind1=" " tag="720">
      <subfield code="a">Inglada Albà, Pau</subfield>
      <subfield code="e">author</subfield>
   </datafield>
   <datafield ind2=" " ind1=" " tag="260">
      <subfield code="c">2025-07-08</subfield>
   </datafield>
   <datafield ind2=" " ind1=" " tag="520">
      <subfield code="a">Aquest treball de fi de grau consisteix en el disseny i desenvolupament d’un lloc web per a la Farmàcia Banyeres, amb l’objectiu d’oferir una plataforma digital funcional, atractiva visualment, i accessible per a futurs usuaris, comprenent un ampli rang d’edat i diferents nivells digitals. El projecte sorgeix de la necessitat de millorar la presència digital d’aquest establiment, plantejant una estratègia que ajudi a facilitar l’accés a la informació, serveis, programes, promocions i tràmits més habituals, de manera intuïtiva. La solució ha estat desenvolupada utilitzant “React Js” com a llenguatge de programació, “Supabase” per a la gestió de dades i autenticació d’usuaris, i prioritzant una arquitectura i disseny adaptatiu que asseguri una experiència òptima en dispositius mòbils i ordinadors de tota mena. A més, s’ha tingut en compte l’accessibilitat en tot moment, buscant millorar-la mitjançant auditories amb eines com “WAVE” i “Lighthouse”, i s’ha treballat el posicionament SEO per optimitzar-ne la visibilitat als cercadors. La proposta està concebuda com un projecte transversal que combina diverses disciplines treballades durant el grau, com el desenvolupament web, el disseny d’interfícies i el de user experience, tenint en compte tant la funcionalitat d’aquest, com la confiança, professionalitat i proximitat que es volen transmetre. La metodologia aplicada inclou una anàlisi prèvia de referents, una planificació i gestió per repartir les tasques atorgant un temps esperat de realització de cadascuna, el posterior desenvolupament del projecte, incloent-hi el disseny i execució de la web, i la realització de tests per dur a terme una validació i determinar si l’experiència és correcta. En resum, aquest projecte proposa un lloc web accessible i innovador que ofereix una bona experiència d’usuari, dinàmica, atractiva i funcional, facilitant l’accés a la informació i tràmits.</subfield>
   </datafield>
   <datafield ind1="8" ind2=" " tag="024">
      <subfield code="a">http://hdl.handle.net/2117/446503</subfield>
   </datafield>
   <datafield tag="653" ind2=" " ind1=" ">
      <subfield code="a">Àrees temàtiques de la UPC::So, imatge i multimèdia::Creació multimèdia::Edició web</subfield>
   </datafield>
   <datafield tag="653" ind2=" " ind1=" ">
      <subfield code="a">Web sites -- Design</subfield>
   </datafield>
   <datafield tag="653" ind2=" " ind1=" ">
      <subfield code="a">Marketing digital</subfield>
   </datafield>
   <datafield tag="653" ind2=" " ind1=" ">
      <subfield code="a">Publicitat -- Farmàcia</subfield>
   </datafield>
   <datafield tag="653" ind2=" " ind1=" ">
      <subfield code="a">Accessibilitat</subfield>
   </datafield>
   <datafield tag="653" ind2=" " ind1=" ">
      <subfield code="a">Disseny Web</subfield>
   </datafield>
   <datafield tag="653" ind2=" " ind1=" ">
      <subfield code="a">Estratègia Digital</subfield>
   </datafield>
   <datafield tag="653" ind2=" " ind1=" ">
      <subfield code="a">Farmàcia</subfield>
   </datafield>
   <datafield tag="653" ind2=" " ind1=" ">
      <subfield code="a">Lloc web</subfield>
   </datafield>
   <datafield tag="653" ind2=" " ind1=" ">
      <subfield code="a">Màrqueting digital</subfield>
   </datafield>
   <datafield tag="653" ind2=" " ind1=" ">
      <subfield code="a">React</subfield>
   </datafield>
   <datafield tag="653" ind2=" " ind1=" ">
      <subfield code="a">SEO</subfield>
   </datafield>
   <datafield tag="653" ind2=" " ind1=" ">
      <subfield code="a">Usabilitat</subfield>
   </datafield>
   <datafield tag="653" ind2=" " ind1=" ">
      <subfield code="a">Pàgines web -- Disseny</subfield>
   </datafield>
   <datafield tag="653" ind2=" " ind1=" ">
      <subfield code="a">Màrqueting digital</subfield>
   </datafield>
   <datafield ind2="0" ind1="0" tag="245">
      <subfield code="a">Creació d'una pàgina web i una estratègia de màrqueting digital per a una farmàcia</subfield>
   </datafield>
</record></metadata></record></GetRecord></OAI-PMH>